Địa lí kinh tế - xã hội châu Âu và liên bang Nga
Một số đặc trưng về địa lí kinh tế - xã hội các nước châu Âu (ngoài Liên bang Nga). Địa lí kinh tế - xã hội châu Âu tiêu biểu. Địa lí kinh tế - xã hội liên bang Nga
Guardado en:
| Autor principal: | |
|---|---|
| Otros Autores: | |
| Formato: | Libro |
| Lenguaje: | Vietnamese |
| Publicado: |
H.
Đại học Sư phạm
2012
|
| Colección: | Tủ sách chào mừng kỉ niệm 60 năm thành lập ngành sản xuất, in, phát hành sách Việt Nam
|
| Materias: | |
| Etiquetas: |
Agregar Etiqueta
Sin Etiquetas, Sea el primero en etiquetar este registro!
|
| Thư viện lưu trữ: | Mạng thư viện Đại học Đà Nẵng |
|---|
| LEADER | 01875aam a22004458a 4500 | ||
|---|---|---|---|
| 001 | 000023247 | ||
| 003 | 19697 | ||
| 005 | 20150605140609.0 | ||
| 008 | 150605s2012 viesd | ||
| 020 | |c 85000đ | ||
| 041 | 0 | |a vie | |
| 082 | 1 | 4 | |2 14 |a 914 |b ÔN-T |
| 100 | 1 | |a Ông Thị Đan Thanh | |
| 245 | 1 | 0 | |a Địa lí kinh tế - xã hội châu Âu và liên bang Nga |c Ông Thị Đan Thanh (ch.b), Tô Thị Hồng Nhung |
| 246 | |a Địa lý kinh tế - xã hội châu Âu và liên bang Nga | ||
| 260 | |a H. |b Đại học Sư phạm |c 2012 | ||
| 300 | |a 415 tr. |b minh hoạ |c 24 cm. | ||
| 490 | |a Tủ sách chào mừng kỉ niệm 60 năm thành lập ngành sản xuất, in, phát hành sách Việt Nam | ||
| 504 | |a Thư mục ở đầu sách | ||
| 520 | |a Một số đặc trưng về địa lí kinh tế - xã hội các nước châu Âu (ngoài Liên bang Nga). Địa lí kinh tế - xã hội châu Âu tiêu biểu. Địa lí kinh tế - xã hội liên bang Nga | ||
| 650 | 0 | 4 | |2 Bộ TK TVQG |a Địa lý kinh tế |z Châu Âu |
| 650 | 0 | 4 | |a Địa lý xã hội |z Châu Âu |
| 650 | 0 | 4 | |a Địa lý kinh tế |z Liên bang Nga |
| 650 | 0 | 4 | |a Địa lý xã hội |z Liên bang Nga |
| 653 | |a Địa lí kinh tế | ||
| 653 | |a Châu Âu | ||
| 653 | |a Liên bang Nga | ||
| 653 | |a Địa lí xã hội | ||
| 655 | 7 | |2 Bộ TK TVQG |a Giáo trình | |
| 700 | 1 | |a Tô Thị Hồng Nhung | |
| OWN | |a LSP | ||
| AVA | |a UDN50 |b LSP |d 914 ÔN-T |e available |t Error 5001 Not defined in file expand_doc_bib_avail. |f 10 |g 0 |h N |i 0 |k 1 | ||
| 999 | |a From the UDN01 | ||
| AVA | |a UDN50 |b LSP |d 914 ÔN-T |e available |t Error 5001 Not defined in file expand_doc_bib_avail. |f 10 |g 0 |h N |i 0 |k 1 | ||
| TYP | |a Monograph | ||
| TYP | |a Printed language | ||
| 980 | |a Mạng thư viện Đại học Đà Nẵng | ||